000 00639nam a2200193 a 4500
005 20210219160050.0
008 080626s1961 mx r 000 0 spa d
035 _aUPN01000157730
049 _aUNE
080 _aDO 37.014.5 (06) (6)=40 "1961" OUT.
111 2 _aConference of African States on the Development of Education in Africa
_d(1961 :
_cAddis Ababa)
245 1 0 _aAperçu d'un plan de développement de l'éducation en Afrique.
260 _aParís :
_bUNESCO,
_c1961.
300 _a31 p.
690 _aEducación y desarrollo - Africa
690 _aAfrica - Educación y desarrollo
710 2 _aUNESCO
905 _aUNESCO
999 _c129844
_d129844